| 000 | 00713nam a2200229Ia 4500 | ||
|---|---|---|---|
| 020 | _a9251030502 | ||
| 040 | _cDJB | ||
| 082 | _a664 FOO 1991 A049 Or. | ||
| 100 | 1 | _aMalik, Raj | |
| 245 | 1 | 0 | _aManuals of food quality control. |
| 260 |
_aRome : _bFood and Agriculture Organization of the United Nations, _c1991 |
||
| 300 |
_a[viii], 139 p. : _bill. ; _c30 cm |
||
| 490 | 1 | _aFAO food and nutrition paper | |
| 500 | _aAuthors from p. [viii] | ||
| 650 | 0 | _aFood industry and trade | |
| 650 | 0 | _aFood industry and trade | |
| 650 | 0 | _aFood industry and trade | |
| 700 | 1 | 0 | _aHammer, Kevin |
| 700 | 1 | 0 | _aWhitehead, Anthony J |
| 710 | 2 | 0 | _aFood and Agriculture Organization of the United Nations |
| 942 | _cEK | ||
| 999 |
_c14451 _d14451 |
||